Crisis, Estado y Política en Puerto Rico, hoy

Guardat en:
Dades bibliogràfiques
Autor principal: González Díaz, Emilio
Format: Text
Publicat: s.l.: s.e.
Etiquetes: Afegir etiqueta
Sense etiquetes, Sigues el primer a etiquetar aquest registre!

MARC

LEADER 00000 a a2200000 04500
001 24852
003
040
090 |a 178700  
100 |a González Díaz, Emilio  
245 |a Crisis, Estado y Política en Puerto Rico, hoy  
260 |a s.l.:   |b s.e.  
300 |a 9 p.  
999 |c 13056  |d 13056